God is new each moment (Record no. 196120)

MARC details
000 -LEADER
fixed length control field 00802nam a2200241Ia 4500
008 - FIXED-LENGTH DATA ELEMENTS--GENERAL INFORMATION
fixed length control field 191130s2004##################000#0#eng##
020 ## - INTERNATIONAL STANDARD BOOK NUMBER
ISBN 9780826477019
082 ## - DEWEY DECIMAL CLASSIFICATION NUMBER
Classification number 230.2 SCH
100 ## - MAIN ENTRY--AUTHOR NAME
Personal name Schillebeeckx, Edward
245 ## - TITLE STATEMENT
Title God is new each moment
Statement of responsibility, etc Edward Schillebeeckx ; in conversation with Huub Oosterhuis and Piet Hoogeveen ; translated by David Smith
260 ## - PUBLICATION, DISTRIBUTION, ETC. (IMPRINT)
Place of publication New York
Name of publisher Continuum
Year of publication 2004
300 ## - PHYSICAL DESCRIPTION
Number of Pages 133 p. : ill. ; 20 cm
500 ## - GENERAL NOTE
General note Includes bibliographical references
650 ## - SUBJECT ADDED ENTRY--TOPICAL TERM
Topical Term Catholic Church - Doctrines - Miscellanea
Topical Term Schillebeeckx, Edward, 1914-2009
700 ## - ADDED ENTRY--PERSONAL NAME
Personal name Hoogeveen, Piet
Personal name Oosterhuis, Huub
991 ## -
-- 434199
Holdings
Withdrawn status Lost status Damaged status Not for loan Home library Current library Shelving location Date acquired Full call number Accession Number Price effective from Koha item type
        Anna Centenary Library Anna Centenary Library 3RD FLOOR, B WING 13.10.2020 230.2 SCH 333719 13.10.2020 English Books

Find us on the map